000 00448cam a22001337a 4500
008 180718b2004 xxu||||| |||| 00| 0 eng d
082 _aA81x54 01/26
100 _aCensus of India 2001
245 _aDaman and Diu: final population totals (state, district, taluk and town)
260 _aDelhi
_bThe Controller of Publications
_c2004
300 _a5+p.
440 _aCensus of India 2001. Series-26, Daman and Diu.
650 _aDaman and Diu - Census
999 _c488994
_d488994